00659nam a2200169Ia 4500001000700000003000500007008004100012010001100053040000900064100002700073245019600100260004100296300001000337502007600347650003300423700003300456Z_3279CHAP220113s2000 xx 000 0 und d a166387 cCHAP aSalinas Moreno, Saúl aFactores que influyen sobre la productividad en las explotaciones de lechería familiar en la parte norte de los Altos de Jalisco /cpor Saúl Salinas Moreno y Oscar Andrés Tornez Bello aChapingo, Méx. :bEl autor,c2000 a95 h. aTesis (Ing. Agr. Esp. en Zootecnia) -- UACH. Departamento de Zootecnia aGanado lecheroxProducción aTornez Bello, Oscar Andrés